| 000 -ლიდერი |
| ფიქსირებული სიგრძის საკონტროლო ველი |
00764nam a22001817a 4500 |
| 003 - საკონტროლო ნომრის იდენტიფიკატორი |
| საკონტროლო ველი |
Ge_BSU |
| 005 - ბოლო ოპერაციის თარიღი და დრო |
| საკონტროლო ველი |
20241119140803.0 |
| 008 - ფიქსირებული სიგრძის მონაცემთა ელემენტები - ზოგადი ინფორმაცია |
| ფიქსირებული სიგრძის საკონტროლო ველი |
241119s1939 ge ||||| |||| 00| 0 geo d |
| 041 ## - ენის კოდი |
| Language code of text/sound track or separate title |
geo |
| 080 ## - უნივერსალური ათობითი კლასიფიკაციის ინდექსი |
| Universal Decimal Classification number |
617:355 ა-99 |
| 100 ## - მთავარი ჩანაწერი - პიროვნების სახელი |
| Personal name |
ახუტინი, მ.ნ |
| 9 (RLIN) |
23742 |
| 245 ## - ცნობა სათაურის შესახებ |
| Title |
ქირურგიული მუშაობა ხასანის ტბასთან ბრძოლების დროს. / |
| Statement of responsibility, etc |
მ.ნ. ახუტინი |
| 264 ## - წარმოების, გამოცემის, დისტრიბუციის და სხვა ცნობები |
| გამოცემის, წარმოების, დისტრიბუციის... ადგილი |
თბილისი : |
| გამოცემის, წარმოების, დისტრიბუციის... სახელწოდება |
საქმედგამი, |
| გამოცემის, წარმოების, დისტრიბუციის... თარიღი |
1939. |
| 300 ## - ფიზიკური აღწერა |
| Extent |
112გვ. : |
| Other physical details |
ილუსტრ. ; |
| Dimensions |
21სმ. |
| 653 ## - INDEX TERM--UNCONTROLLED |
| Uncontrolled term |
სამხედრო ქირურგია. |
| 653 ## - INDEX TERM--UNCONTROLLED |
| Uncontrolled term |
ხასანის ტბის ბრძოლები. |
| 942 ## - ADDED ENTRY ELEMENTS (KOHA) |
| Source of classification or shelving scheme |
|
| Koha item type |
წიგნი |